Banner

Código general del proceso : (Record no. 1552)

MARC details
000 -LEADER
campo de control de longitud fija 01451cam a2200289 a 4500
003 - IDENTIFICADOR DE NÚMERO DE CONTROL
campo de control CoMeUDC
005 - FECHA Y HORA DE LA ÚLTIMA TRANSACCIÓN
campo de control 20220521103407.0
008 - DATOS DE LONGITUD FIJA--INFORMACIÓN GENERAL
campo de control de longitud fija 190206s2017 ck gr 000 0 spa d
020 ## - NÚMERO INTERNACIONAL ESTÁNDAR DEL LIBRO
Número Internacional Estándar del Libro 9789585640801
040 ## - FUENTE DE CATALOGACIÓN
Centro catalogador/agencia de origen CO-BoUEC
Centro/agencia transcriptor CO-UdeC
043 ## - CÓDIGO DE ÁREA GEOGRÁFICA
Código de área geográfica s-ck---
082 04 - NÚMERO DE LA CLASIFICACIÓN DECIMAL DEWEY
Número de clasificación 347.861
Número de ítem L864
100 ## - ENTRADA PRINCIPAL--NOMBRE DE PERSONA
9 (RLIN) 1980
Nombre de persona López Blanco, Hernán Fabio
110 1# - ENTRADA PRINCIPAL--NOMBRE DE ENTIDAD CORPORATIVA
Nombre de entidad corporativa o nombre de jurisdicción como elemento de entrada Colombia
245 10 - MENCIÓN DEL TÍTULO
Título Código general del proceso :
Resto del título pruebas /
Mención de responsabilidad, etc. Hernan Fabio López Blanco.
260 ## - PUBLICACIÓN, DISTRIBUCIÓN, ETC.
Lugar de publicación, distribución, etc. Bogotá :
Nombre del editor, distribuidor, etc. Dupre Editores,
Fecha de publicación, distribución, etc. 2017.
300 ## - DESCRIPCIÓN FÍSICA
Extensión 563 p. ;
Dimensiones 23 cm.
500 ## - NOTA GENERAL
Nota general Profesor emérito de la Universidad Externado de Colombia.
504 ## - NOTA DE BIBLIOGRAFÍA, ETC.
Nota de bibliografía, etc. Nota Incluye referencias bibliográficas e índice.
505 ## - NOTA DE CONTENIDO CON FORMATO
Nota de contenido con formato Nociones introductorias -- Los principios informadores y las reglas técnicas del derecho probatorio -- Objeto, tema, licitud, conducencia, pertinencia, utilidad y fin de la prueba -- Los sistemas de valoración de la prueba -- Clases de pruebas -- El decreto y práctica de las pruebas -- De la prueba de declaración de parte -- De la prueba de confesión -- De la prueba del juramento -- La prueba testimonial -- La prueba pericial -- La prueba de inspección judicial -- La prueba por indicios -- La prueba documental -- La prueba por informe
546 ## - NOTA DE IDIOMA
Nota de lengua/lenguaje Español.
650 14 - PUNTO DE ACCESO ADICIONAL DE MATERIA--TÉRMINO DE MATERIA
Término de materia o nombre geográfico como elemento de entrada Derecho procesal
Subdivisión geográfica Colombia
650 14 - PUNTO DE ACCESO ADICIONAL DE MATERIA--TÉRMINO DE MATERIA
Término de materia o nombre geográfico como elemento de entrada Procedimiento civil
Subdivisión geográfica Colombia
650 14 - PUNTO DE ACCESO ADICIONAL DE MATERIA--TÉRMINO DE MATERIA
Término de materia o nombre geográfico como elemento de entrada Documentos administrativos
Subdivisión geográfica Colombia
650 14 - PUNTO DE ACCESO ADICIONAL DE MATERIA--TÉRMINO DE MATERIA
Término de materia o nombre geográfico como elemento de entrada Derecho probatorio
942 ## - ELEMENTOS DE ENTRADA SECUNDARIOS (KOHA)
Fuente del sistema de clasificación o colocación Clasificación Decimal Dewey
Tipo de ítem Koha Libros
Holdings
Estatus retirado Estado de pérdida Fuente del sistema de clasificación o colocación Estado de daño No para préstamo Colección Biblioteca de origen Biblioteca actual Fecha de adquisición Fuente de adquisición Signatura topográfica completa Código de barras Visto por última vez Copia número Precio de reemplazo Tipo de ítem Koha
    Clasificación Decimal Dewey     Colección general U DE COLOMBIA - Biblioteca U DE COLOMBIA - Biblioteca 21/05/2022 Donación 347.861 L864 100036 03/04/2023 1 21/05/2022 Libros


Biblioteca Académica Corporación Universitaria U DE COLOMBIA | Teléfono: +(57) (4) 2398080 ext. 1112 | E-mail: biblioteca@udecolombia.edu.co | Dirección: Calle 56 Nº 41 – 147 (Bolivia con Girardot)
Horario de atención: lunes a viernes 8:00 a.m. a 8:00 p.m. - sábados 8:00 a.m. a 4:00 p.m.
Implementado por Grupo EGS.

Powered by Koha